The Only Remaining NFL Team... - Statistics

General Stats
  • This quiz has been taken 154 times
    88 since last reset
  • The average score is 26 of 32
Answer Stats
Name the only remaining NFL team... Answer % Correct
In Ohio Cincinnati Bengals
96%
That has neither been to or hosted a Super Bowl Cleveland Browns
91%
That Jared Goff has played for (through 2021) Los Angeles Rams
88%
That has gone undefeated in a season (since 1978) New England Patriots
88%
Located in a city touching the Niagara River Buffalo Bills
87%
In Florida Jacksonville Jaguars
84%
That shares a city with another NFL team New York Jets
84%
In California San Francisco 49ers
84%
That wears purple Minnesota Vikings
82%
In a state on the West Coast Seattle Seahawks
82%
That has "bay" in their name Tampa Bay Buccaneers
82%
Named after a cat Carolina Panthers
81%
That a Manning has played for Denver Broncos
81%
Located in a city touching Lake St. Clair Detroit Lions
81%
Located in a landlocked state that borders a state that touches the Pacific Las Vegas Raiders
81%
That has switched cities since 2000 Los Angeles Chargers
81%
That has had a perfect season (no losses or ties including the postseason) Miami Dolphins
81%
In the NFC South division New Orleans Saints
81%
That Kenny Golladay has played for (through 2021) New York Giants
81%
That wears yellow Pittsburgh Steelers
81%
That formerly played in St. Louis Arizona Cardinals
79%
Named after a bird Philadelphia Eagles
79%
That has never been to a Super Bowl Houston Texans
78%
in a city that touches one of the Great Lakes Chicago Bears
76%
That changed or omitted their nickname since 2000 Washington Commanders
76%
With three words in their name Kansas City Chiefs
74%
In the NFL Dallas Cowboys
72%
That is located at a venue named after a person Green Bay Packers
72%
That has gone winless in a season (since 1978) Indianapolis Colts
72%
That has not lost in the Super Bowl Baltimore Ravens
71%
With an alliterate name Tennessee Titans
71%
That selected a tight end in Round 1 of the 2021 draft Atlanta Falcons
69%
No matching quizzes found
Score Distribution
Percent of People with Each Score
Percentile by Number Answered
Your Score History
You have not taken this quiz since the last reset